Introducing Dental Implants / (Record no. 1543)

MARC details
000 -LEADER
fixed length control field 00618nam a22002177a 4500
003 - CONTROL NUMBER IDENTIFIER
control field OSt
005 - DATE AND TIME OF LATEST TRANSACTION
control field 20150423171146.0
008 - FIXED-LENGTH DATA ELEMENTS--GENERAL INFORMATION
fixed length control field 150423b xxu||||| |||| 00| 0 eng d
020 ## - INTERNATIONAL STANDARD BOOK NUMBER
International Standard Book Number 0443071853
040 ## - CATALOGING SOURCE
Transcribing agency dlc
082 ## - DEWEY DECIMAL CLASSIFICATION NUMBER
Classification number WU 100 H35i 2003
100 ## - MAIN ENTRY--PERSONAL NAME
Personal name Hobkirk John A.
9 (RLIN) 4056
245 ## - TITLE STATEMENT
Title Introducing Dental Implants /
Statement of responsibility, etc. John A. Hobkirk, [et...al]
260 ## - PUBLICATION, DISTRIBUTION, ETC. (IMPRINT)
Place of publication, distribution, etc. London:
Name of publisher, distributor, etc. Churchill Livingstone;
Date of publication, distribution, etc. 2003.
300 ## - PHYSICAL DESCRIPTION
Extent ix, 165 p :
Other physical details col.ill ;
Dimensions 29 cm.
504 ## - BIBLIOGRAPHY, ETC. NOTE
Bibliography, etc Includes index
650 ## - SUBJECT ADDED ENTRY--TOPICAL TERM
Topical term or geographic name as entry element Dental implants
9 (RLIN) 4057
700 ## - ADDED ENTRY--PERSONAL NAME
Personal name Watson Roger M.
9 (RLIN) 4058
700 ## - ADDED ENTRY--PERSONAL NAME
Personal name Searson Lloyd J J
9 (RLIN) 4059
942 ## - ADDED ENTRY ELEMENTS (KOHA)
Source of classification or shelving scheme Other/Generic Classification Scheme
Koha item type Short Loan
Holdings
Withdrawn status Lost status Source of classification or shelving scheme Damaged status Not for loan Home library Current library Date acquired Source of acquisition Inventory number Total Checkouts Full call number Barcode Date last seen Price effective from Koha item type
    Other/Generic Classification Scheme     MUST Main Library MUST Main Library 23/04/2015   2004/22542   WU 100 H35i 2003 2015-1107 23/04/2015 23/04/2015 Short Loan
    Other/Generic Classification Scheme     MUST Main Library MUST Main Library 23/04/2015   2004/225559   WU 100 H35i 2003 2015-1108 23/04/2015 23/04/2015 Short Loan
    Other/Generic Classification Scheme     MUST Main Library MUST Main Library 23/04/2015   2004/22540   WU 100 H35i 2003 2015-1109 23/04/2015 23/04/2015 Short Loan
    Other/Generic Classification Scheme     MUST Main Library MUST Main Library 23/04/2015   2004/22541   WU 100 H35i 2003 2015-1110 23/04/2015 23/04/2015 Short Loan